000 00670cam a22002531 4500
001 sa 68009757
003 DLC
005 20260227112546.0
008 891025s1967 ii b 000 0 tamo
010 _asa 68009757
035 _a(OCoLC)20549530
040 _aDLC
_cWaU
_dDLC
042 _apremarc
050 0 0 _aPL4751
_b.D43
100 1 _aTēvanēyan̲, Ñā.
_q(Ñānamuttan̲),
_d1902-1981.
245 1 0 _aVaṭamol̲i varalār̲u.
250 _a[1st ed.]
260 _c1967.
300 _axvi, 350 p.
_c22 cm.
500 _aIn Tamil.
504 _aBibliography: p. [xv]-xvi.
650 0 _aTamil language
_xHistory.
650 0 _aSanskrit language
_xHistory.
999 _c83118
_d83118